Computer science : (Record no. 1818)

MARC details
000 -LEADER
fixed length control field 01311pam a2200373 a 4500
001 - CONTROL NUMBER
control field data
005 - DATE AND TIME OF LATEST TRANSACTION
control field 20260322212119.0
008 - FIXED-LENGTH DATA ELEMENTS--GENERAL INFORMATION
fixed length control field data
035 ## - SYSTEM CONTROL NUMBER
System control number 3434402
010 ## - LIBRARY OF CONGRESS CONTROL NUMBER
LC control number 91041466
020 ## - INTERNATIONAL STANDARD BOOK NUMBER
International Standard Book Number 0314918388
020 ## - INTERNATIONAL STANDARD BOOK NUMBER
International Standard Book Number 9780314918383
035 ## - SYSTEM CONTROL NUMBER
-- (DLC) 91041466
040 ## - CATALOGING SOURCE
Original cataloging agency DLC
Transcribing agency DLC
Modifying agency DLC
042 ## - AUTHENTICATION CODE
Authentication code lcac
050 00 - LIBRARY OF CONGRESS CALL NUMBER
Classification number QA76.23
Item number .B378 1992
082 00 - DEWEY DECIMAL CLASSIFICATION NUMBER
Classification number 004
Edition information 20
100 1# - MAIN ENTRY--PERSONAL NAME
Personal name Baumann, Susan K.
245 10 - TITLE STATEMENT
Title Computer science :
Remainder of title logic and structure /
Statement of responsibility, etc. Susan K. Baumann, Steven L. Mandell.
260 ## - PUBLICATION, DISTRIBUTION, ETC.
Place of publication, distribution, etc. St. Paul :
Name of publisher, distributor, etc. West Pub. Co.,
Date of publication, distribution, etc. c1993.
300 ## - PHYSICAL DESCRIPTION
Extent xx, 533, [92] p. :
Other physical details ill. ;
Dimensions 26 cm.
336 ## - CONTENT TYPE
Content type term text
Content type code txt
Source rdacontent
337 ## - MEDIA TYPE
Media type term unmediated
Media type code n
Source rdamedia
338 ## - CARRIER TYPE
Carrier type term volume
Carrier type code nc
Source rdacarrier
500 ## - GENERAL NOTE
General note Includes index.
520 ## - SUMMARY, ETC.
Summary, etc. An introduction to computers and computer programming.
650 #0 - SUBJECT ADDED ENTRY--TOPICAL TERM
Topical term or geographic name entry element Computer science.
650 #1 - SUBJECT ADDED ENTRY--TOPICAL TERM
Topical term or geographic name entry element Computer science.
700 1# - ADDED ENTRY--PERSONAL NAME
Personal name Mandell, Steven L.
906 ## - LOCAL DATA ELEMENT F, LDF (RLIN)
a 7
b cbc
c orignew
d 1
e ocip
f 19
g y-gencatlg
991 ## -
-- c-GenColl
-- QA76.23
-- .B378 1992
-- 00018475339
-- Copy 1
-- BOOKS
Holdings
Withdrawn status Lost status Damaged status Not for loan Home library Current library Shelving location Date acquired Total checkouts Full call number Barcode Date last seen Price effective from Koha item type
        Franklin Franklin General stacks 22/03/2026   004 LOC-FRL-00054 22/03/2026 22/03/2026 Books